00697nam a22001817a 4500003000900000008004100009040007100050082001800121100002000139245007400159260003700233300002800270440003900298505009700337650003600434650002800470650001700498AR-CdUCM190513b ||||| |||| 00| 0 spa d aMUNICIPALIDAD PROVINCIAL DEL CUSCOcBIBLIOTECA MUNICIPAL DEL CUSCO a371.27 /bG74 aGoring, Paul A. aManual de mediciones y evaluación del rendimiento en los estudios / aBuenos Aires :bKapelusz,c1971. a204 páginas ;c23 cm. aBiblioteca de cultura pedagógica aContenido: ¿Por que evaluar? -- Cualidades de un buen examen -- ¿Qué debemos evaluar?... aMediciones y pruebas educativas aRendimiento académico aEvaluación